000
00257 a2200121 4500
001
146669
040
_c
Escola São Tomás de Aquino
100
_a
LITTLEWOOD, Karin
240
1
0
_a
Immi
_l
por
245
1
0
_a
Immi
697
_a
*LITERATURA INFANTO
942
_c
BK
999
_c
146669
_d
146669